|
|
|
|
| LEADER |
00000ny a22000003n 4500 |
| 005 |
2011062300420.0 |
| 008 |
100527s2009 sp 001 0 spa d |
| 017 |
|
|
|a D.L.M.52027-2009
|
| 020 |
|
|
|a 9788498497021
|
| 035 |
|
|
|a 5014
|
| 040 |
|
|
|a BUS
|d vLex
|
| 080 |
|
|
|a 341.3-055.2
|
| 080 |
|
|
|a 341.65-055.2
|
| 090 |
|
|
|c 1070
|d 1070
|
| 100 |
1 |
|
|a Toms̀ Morales, Susana de
|
| 245 |
1 |
3 |
|a La mujer y las operaciones de mantenimiento de la paz
|h [Recurso electrn̤ico]
|c Susana de Toms̀ Morales
|
| 256 |
|
|
|a Servicio en ln̕ea
|
| 260 |
|
|
|a Madrid :
|b Dykinson,
|c D.L. 2009
|
| 300 |
|
|
|a 190 p. ;
|c 22 cm
|
| 500 |
|
|
|a En la port.: Ministerio de Defensa
|
| 506 |
1 |
|
|a Contenido solo disponible en los productos indicados
|d vLex Global
|d vLex Global (Academic Edition, excluding Law Schools)
|d vLex Global (U.S. Academic Edition, Law Schools)
|d vLex Global (U.S. Academic Edition, excluding Law Schools)
|d vLex Global (Academic Edition, Law Schools)
|
| 650 |
0 |
7 |
|a Mujeres
|2 Tesauro vLex
|
| 650 |
0 |
7 |
|a Derechos de la mujer
|2 Tesauro vLex
|
| 740 |
0 |
|
|a vLex Libros (Servicios en ln̕ea)
|
| 856 |
4 |
0 |
|u http://vlex.com/source/5014
|z Acceso restringido
|
| 942 |
|
|
|c BOOK
|